000 00573nam a2200181Ia 4500
008 151018s9999 xx 000 0 und d
082 _bRBASDV26194
_a891.463
100 _aभा रा भागवत
245 _aगप्प बसा मुंछासेन
250 _b1
260 _bशकून
_c1984
300 _a100
600 _aभा रा भागवत
630 _aगप्प बसा मुंछासेन
700 _aभा रा भागवत
730 _aगप्प बसा मुंछासेन
942 _cBOOK
999 _c1025802
_d1025799